World class manufacturing : concepts and cases Vol - II (Record no. 91299)

MARC details
000 -LEADER
fixed length control field 00611nam a2200217Ia 4500
008 - FIXED-LENGTH DATA ELEMENTS--GENERAL INFORMATION
fixed length control field 230125s9999 xx 000 0 und d
020 ## - INTERNATIONAL STANDARD BOOK NUMBER
International Standard Book Number 81-7881-224-X
041 ## - LANGUAGE CODE
Language code of text/sound track or separate title eng
082 ## - DEWEY DECIMAL CLASSIFICATION NUMBER
Classification number 658.5
Item number ICF
100 ## - MAIN ENTRY--PERSONAL NAME
Personal name ICFAI
245 ## - TITLE STATEMENT
Title World class manufacturing : concepts and cases Vol - II
250 ## - EDITION STATEMENT
Edition statement 1st ed
260 ## - PUBLICATION, DISTRIBUTION, ETC. (IMPRINT)
Date of publication, distribution, etc. 2003
Name of publisher, distributor, etc. ICFAI publication
Place of publication, distribution, etc. Hyderabad
300 ## - PHYSICAL DESCRIPTION
Extent 171p
440 ## - SERIES STATEMENT/ADDED ENTRY--TITLE
Title ICFAI
500 ## - GENERAL NOTE
Keywords Manufacturing management;ICFAI Case Studies;World Class Manufacturing
650 ## - SUBJECT ADDED ENTRY--TOPICAL TERM
Topical term or geographic name as entry element Production Management
9 (RLIN) 110605
700 ## - ADDED ENTRY--PERSONAL NAME
Personal name ICFAI
906 ## - LOCAL DATA ELEMENT F, LDF (RLIN)
b 56
Holdings
Withdrawn status Lost status Damaged status Not for loan Home library Current library Date acquired Vendor Cost, normal purchase price Bill number Total Checkouts Full call number Barcode Date last seen Cost, replacement price Bill Date Koha item type Original Barcode
        Smt. Hiraben Nanavati Institute of Management & Research for Women Smt. Hiraben Nanavati Institute of Management & Research for Women 04/03/2009 ICFAI press 375.00 489/26.2.2009   658.5 ICF B07316 HIMR-BK-7316 25/01/2023 319.00 03/03/2009 Books B07316
        Smt. Hiraben Nanavati Institute of Management & Research for Women Smt. Hiraben Nanavati Institute of Management & Research for Women 04/03/2009 ICFAI press 375.00 489/26.2.2009   658.5 ICF B07317 HIMR-BK-7317 25/01/2023 319.00 03/03/2009 Books B07317
        Smt. Hiraben Nanavati Institute of Management & Research for Women Smt. Hiraben Nanavati Institute of Management & Research for Women 04/03/2009 ICFAI press 375.00 489/26.2.2009   658.5 ICF B07318 HIMR-BK-7318 25/01/2023 319.00 03/03/2009 Books B07318
        Smt. Hiraben Nanavati Institute of Management & Research for Women Smt. Hiraben Nanavati Institute of Management & Research for Women 05/12/2006 ICFAI press 750.00 118   658.5 ICF B05645 HIMR-BK-5645 25/01/2023 638.00 04/12/2006 Books B05645
        Smt. Hiraben Nanavati Institute of Management & Research for Women Smt. Hiraben Nanavati Institute of Management & Research for Women 05/12/2006 ICFAI press 750.00 118   658.5 ICF B05644 HIMR-BK-5644 25/01/2023 638.00 04/12/2006 Books B05644